Historie 20. století konflikty, technológie a rokenrol

Saved in:
Bibliographic Details
Main Author: Black, Jeremy
Format: Book
Language:Czech
Published: Praha Euromedia Group 2021
Edition:1. vydání
Subjects:
Tags: Add Tag
No Tags, Be the first to tag this record!

MARC

LEADER 00000nam a2200000 4500
001 0291901
005 20240416114205.9
020 |a 978-80-242-7811-7 
041 0 |a cze 
044 |a CZ 
245 1 0 |a Historie 20. století  |b konflikty, technológie a rokenrol  |c Jeremy Black 
250 |a 1. vydání 
264 1 |a Praha  |b Euromedia Group  |c 2021 
300 |a 256 s. 
610 2 0 |a história 
610 2 0 |a dejiny 
610 2 0 |a dejiny hospodárske 
610 2 0 |a hospodárstvo svetové 
610 2 0 |a politika svetová 
610 2 0 |a politika medzinárodná 
610 2 0 |a politológia 
610 2 0 |a konflikty medzinárodné 
100 1 |a Black, Jeremy